| 000 | 01299cam a2200301 a 4500 | ||
|---|---|---|---|
| 001 | 14199533 | ||
| 005 | 20070416160028.0 | ||
| 008 | 051214s2006 enka b 001 0 eng | ||
| 010 | _a 2005938636 | ||
| 020 | _a9781412911108 (hbk.) | ||
| 020 | _a9781412911115 (pbk.) | ||
| 040 |
_aDLC _cDLC _dDLC |
||
| 050 | 0 | 0 |
_aLB1044.87 _b.H649 2006 |
| 082 | 0 | 0 |
_a371.334 _222 _bHOL |
| 100 | 1 |
_aHolmes, Bryn. _95936 |
|
| 245 | 1 | 0 |
_aE-learning : _bConcepts and practice / _cBryn Holmes and John Gardner. |
| 260 |
_aLondon : _bSAGE Publications, _cc2006. |
||
| 300 |
_axiii, 186 p. : _bill. ; _c25 cm. |
||
| 504 | _aIncludes bibliographical references and index. | ||
| 650 | 0 |
_aComputer-assisted instruction. _95937 |
|
| 650 | 0 |
_aInternet in education. _95938 |
|
| 700 | 1 |
_aGardner, John, _d1953- _95939 |
|
| 856 | 4 | 2 |
_3Publisher description _uhttp://www.loc.gov/catdir/enhancements/fy0659/2005938636-d.html |
| 856 | 4 | 1 |
_3Table of contents _uhttp://www.loc.gov/catdir/enhancements/fy0659/2005938636-t.html |
| 942 |
_2ddc _cBB |
||
| 999 |
_c11775 _d11775 |
||